| Tag |
First Indicator |
Second Indicator |
Subfields |
| LEADER |
00000cas a2200000 i 4500 |
| 001 |
in00004083521 |
| 005 |
20200907160459.0 |
| 006 |
m o d f |
| 007 |
cr ||||||||||| |
| 008 |
191009c20uu9999couuu o f0 a0eng c |
| 010 |
|
|
|a 2019253906
|
| 022 |
0 |
|
|a 2692-7497
|2 1
|
| 035 |
|
|
|a (OCoLC)on1122744007
|
| 042 |
|
|
|a pcc
|a nsdp
|
| 043 |
|
|
|a n-us---
|
| 040 |
|
|
|a GPO
|b eng
|e rda
|e pn
|c GPO
|d OCLCF
|d DLC
|d MvI
|
| 049 |
|
|
|a WWW
|
| 050 |
1 |
4 |
|a ISSN RECORD
|
| 074 |
|
|
|a 0985-A-15 (online)
|
| 082 |
1 |
0 |
|a 353.6086970973
|2 23
|
| 086 |
0 |
|
|a VA 1.119:
|
| 130 |
0 |
|
|a Your health (Civilian Health and Medical Program of the Department of Veterans Affairs (U.S.))
|
| 210 |
0 |
|
|a Your health
|b (Denver, Colo. Online)
|
| 222 |
|
0 |
|a Your health
|b (Denver, Colo. Online)
|
| 245 |
1 |
0 |
|a Your health :
|b the magazine for the CHAMPVA program.
|
| 246 |
1 |
|
|a CHAMPVA your health magazine
|
| 264 |
|
1 |
|a Denver, CO :
|b Department of Veterans Affairs, Health Administration Center, CHAMPVA
|
| 300 |
|
|
|a 1 online resource (volumes) :
|b color illustrations
|
| 336 |
|
|
|a text
|b txt
|2 rdacontent
|
| 337 |
|
|
|a computer
|b c
|2 rdamedia
|
| 338 |
|
|
|a online resource
|b cr
|2 rdacarrier
|
| 500 |
|
|
|a Subtitle varies.
|
| 588 |
|
|
|a Description based on: Volume 2, number 1; title from PDF cover.
|
| 588 |
|
|
|a Latest issue consulted: Volume 13, number 1 (summer 2018); title from PDF cover (VA, viewed Oct. 3, 2019).
|
| 610 |
2 |
0 |
|a Civilian Health and Medical Program of the Department of Veterans Affairs (U.S.)
|v Periodicals.
|
| 650 |
|
0 |
|a Veterans
|x Medical care
|z United States
|v Periodicals.
|
| 650 |
|
0 |
|a Health insurance
|z United States
|v Periodicals.
|
| 610 |
2 |
7 |
|a Civilian Health and Medical Program of the Department of Veterans Affairs (U.S.)
|2 fast
|0 (OCoLC)fst00660996
|
| 650 |
|
7 |
|a Health insurance.
|2 fast
|0 (OCoLC)fst01715839
|
| 650 |
|
7 |
|a Veterans
|x Medical care.
|2 fast
|0 (OCoLC)fst01165761
|
| 651 |
|
7 |
|a United States.
|2 fast
|0 (OCoLC)fst01204155
|
| 655 |
|
7 |
|a Periodicals.
|2 fast
|0 (OCoLC)fst01411641
|
| 710 |
2 |
|
|a Civilian Health and Medical Program of the Department of Veterans Affairs (U.S.),
|e issuing body.
|
| 776 |
0 |
8 |
|i Print version:
|t Your health (Civilian Health and Medical Program of the Department of Veterans Affairs (U.S.))
|x 2692-7489
|w (DLC) 2019253905
|w (OCoLC)1122744041
|
| 856 |
4 |
0 |
|3 Current issues
|u https://purl.fdlp.gov/GPO/gpo126580
|t 0
|
| 856 |
4 |
0 |
|3 Archived issues
|u https://purl.fdlp.gov/GPO/gpo126842
|t 0
|
| 999 |
f |
f |
|s 32b50edc-11e7-3d4c-8d3d-dbdec69ea728
|i 3a6e18c5-c0a8-3271-abdd-053ecec80197
|t 0
|
| 952 |
f |
f |
|a Texas A&M University
|b College Station
|c Electronic Resources
|d Available Online
|t 0
|e VA 1.119:
|h Superintendent of Documents classification
|
| 998 |
f |
f |
|a VA 1.119:
|t 0
|l Available Online
|